| 000 | 00668cam a22002292a 4500 | ||
|---|---|---|---|
| 999 |
_c8665 _d8665 |
||
| 001 | 8665 | ||
| 003 | BD-JhCC | ||
| 005 | 20180307092127.0 | ||
| 008 | 500101s1949 enk 000 0 eng d | ||
| 035 | _a(BD-JhCC)8665 | ||
| 040 |
_aUMC _cUMC _dEQO |
||
| 041 | _aeng | ||
| 082 |
_bFRE 1963 _a428.3 |
||
| 090 |
_aPE1460 _b.F7 |
||
| 100 | 1 |
_aFrench, F. G. _q(Frederick George), _d1889- |
|
| 245 | 1 | 0 |
_aCommon errors in English : _btheir cause, prevention and cure / _cF. G. French. |
| 260 |
_aLondon : _bOxford University Press, _c1949. |
||
| 300 |
_a132 p. ; _c19 cm. |
||
| 650 | 0 |
_aEnglish language _xErrors of usage _vDictionaries. |
|
| 942 |
_2ddc _cBK |
||